ANNUNCIATOR SYSTEM (Record no. 5142)
[ view plain ]
| 000 -LEADER | |
|---|---|
| fixed length control field | 00350nam a2200157Ia 4500 |
| 008 - FIXED-LENGTH DATA ELEMENTS--GENERAL INFORMATION | |
| fixed length control field | 221030s9999 xx 000 0 und d |
| 041 ## - LANGUAGE CODE | |
| Language code of text/sound track or separate title | |
| 082 ## - DEWEY DECIMAL CLASSIFICATION NUMBER | |
| Classification number | 105.23 |
| 100 ## - MAIN ENTRY--AUTHOR NAME | |
| Personal name | Vikram Gupta/46 |
| 245 #0 - TITLE STATEMENT | |
| Title | ANNUNCIATOR SYSTEM |
| 260 ## - PUBLICATION, DISTRIBUTION, ETC. (IMPRINT) | |
| Place of publication | Jammu |
| Year of publication | 2000 |
| 650 ## - SUBJECT ADDED ENTRY--TOPICAL TERM | |
| Topical Term | EE |
| 700 ## - ADDED ENTRY--PERSONAL NAME | |
| Personal name | Ekta Gupta/03 |
| 700 ## - ADDED ENTRY--PERSONAL NAME | |
| Personal name | Pooja Gandotra/26 |
| 942 ## - ADDED ENTRY ELEMENTS (KOHA) | |
| Koha item type | Thesis |
| Accession Number | Full call number | Price effective from | Koha item type | Withdrawn / writtenoff status | Materials specified (bound volume or other part) | Damaged status | Not for loan | Permanent Location | Current Location | Shelving location | Date acquired | Lost/ Missing status | department |
|---|---|---|---|---|---|---|---|---|---|---|---|---|---|
| MIP-155 | 105.23 | 10/30/2022 | Thesis | MIET Library, Jammu | MIET Library, Jammu | BL-Block-b, FL-1, CUP-73, SH-4, R-4 | 08/11/2007 |